10 Números Aleatorios 1-100 - Ranking a ciegas - Estadísticas

Estadísticas generales
  • Esta prueba ha sido intentada 70.382 veces
  • La puntuación promedio es 5 de 10
Respuestas en el mapa
Las respuestas están codificadas por una escala verde-roja en el mapa de la prueba según el % correcto abajo.
 
Estadísticas de respuestas
Número % Correcto
8
55%
10
53%
23
53%
14
52%
15
52%
16
52%
25
52%
31
52%
65
52%
9
52%
12
51%
21
51%
27
51%
29
51%
35
51%
38
51%
49
51%
6
51%
72
51%
11
50%
19
50%
28
50%
30
50%
40
50%
44
50%
59
50%
60
50%
66
50%
69
50%
75
50%
86
50%
17
49%
18
49%
22
49%
26
49%
3
49%
39
49%
42
49%
48
49%
55
49%
56
49%
61
49%
83
49%
13
48%
24
48%
32
48%
4
48%
46
48%
47
48%
51
48%
52
48%
54
48%
62
48%
64
48%
7
48%
77
48%
78
48%
80
48%
81
48%
84
48%
93
48%
2
47%
33
47%
43
47%
45
47%
5
47%
50
47%
53
47%
57
47%
58
47%
76
47%
79
47%
82
47%
85
47%
89
47%
91
47%
94
47%
20
46%
36
46%
37
46%
41
46%
63
46%
70
46%
71
46%
73
46%
74
46%
95
46%
96
46%
1
45%
34
45%
67
45%
68
45%
87
45%
92
45%
90
44%
99
44%
100
43%
88
43%
97
41%
98
40%
No se encontraron pruebas coincidentes
Distribución de puntuación
Porcentaje de gente con cada puntuación
Porcentaje por número respondido
Historial de tus puntuaciones
No has intentado esta prueba.